000 00759nam a2200205Ii 4500
003 JO-AjNU
008 230605s9999||||xx |||||||||||||| ||und||
017 _a2009
040 _aJO-AjNU
_bara
_erda
_cJO-AjNU
041 _aara
050 1 4 _aHD49.H326.2009
100 3 _aالهدمي،ماجد سلام/جاسم محمد,
_eauthor
_933284
245 0 0 _aمبادىء ادارة الازمات الاستراتيجية والحلول =Crises Management Principals Strategies&Solutions
264 3 1 _aعمان:دار زهران للنشر والتوزيع،2009
300 _a203ص
336 _atext
_btxt
_2rdacontent
337 _aunmediated
_bn
_2rdamedia
338 _avolume
_bnc
_2rdacarrier
650 4 _aالادارة-ادارة الازمات
_933285
999 _aA13532
_c17100
_d17100